Сочинения Льва Николаевича Толстого. Т. 25: [К публике | О народном образовании | О методах обучения грамоте | Проект общего плана устройства народных училищ | Воспитание и образование | Прогресс и определение образования | Кому у кого учиться писать: крестьянским ребятам у нас или нам у крестьянских ребят | О воспитании | В чем главная задача учителя | Выдержка из писем гр. Л.Н. Толстого к г-же П. (Запись № 6638107)

Подробности
000 -МАРКЕР
контрольное поле 01792nam2a22002891 4500
001 - ИДЕНТИФИКАТОР ЗАПИСИ
контрольное поле v19\rc\1936436
005 - ИДЕНТИФИКАТОР ВЕРСИИ
контрольное поле 20251118180826.3
035 ## - ДРУГИЕ СИСТЕМНЫЕ НОМЕРА
Идентификатор записи (NLR Aleph) 005025813
100 ## - ДАННЫЕ ОБЩЕЙ ОБРАБОТКИ
Данные общей обработки 20080404d1913 u y0rusy50 ca
101 0# - ЯЗЫК РЕСУРСА
Язык текста, звукозаписи и т.д. русский
102 ## - СТРАНА ПУБЛИКАЦИИ ИЛИ ПРОИЗВОДСТВА
Страна публикации Российская Федерация
105 ## - ПОЛЕ КОДИРОВАННЫХ ДАННЫХ: ТЕКСТОВЫЕ МАТЕРИАЛЫ, МОНОГРАФИЧЕСКИЕ
Кодированные данные о монографическом текстовом документе y z |||||
200 1# - ЗАГЛАВИЕ И СВЕДЕНИЯ ОБ ОТВЕТСТВЕННОСТИ
Основное заглавие [К публике
-- О народном образовании
-- О методах обучения грамоте
-- Проект общего плана устройства народных училищ
-- Воспитание и образование
-- Прогресс и определение образования
-- Кому у кого учиться писать: крестьянским ребятам у нас или нам у крестьянских ребят
-- О воспитании
-- В чем главная задача учителя
-- Выдержка из писем гр. Л.Н. Толстого к г-же П.
210 ## - ПУБЛИКАЦИЯ, РАСПРОСТРАНЕНИЕ И ДР.
Дата издания, распространения и т.д. 1913
215 ## - ФИЗИЧЕСКАЯ ХАРАКТЕРИСТИКА
Специфическое обозначение материала и объем 285 с.
461 #0 - УРОВЕНЬ НАБОРА
Встроенное поле 001v19\rc\1936415
-- 2001#$aСочинения Льва Николаевича Толстого$eТ. 1-$vТ. 25
-- 700#1$3RU\NLR\AUTH\771515$7ca$aТолстой$bЛ. Н.$f1828-1910$gЛев Николаевич
Системный номер (АБИС) связанной записи 5965326
Автор Толстой, Л. Н. (1828-1910)
Место публикации Петроград
Дата публикации 1912-1916
Имя издателя, распространителя и т.д. Журн. "Жизнь для всех"
Сведения, относящиеся к заглавию Т. 1-
Заглавие Сочинения Льва Николаевича Толстого
Номер тома Т. 25
532 10 - РАСШИРЕННОЕ ЗАГЛАВИЕ
Заглавие Выдержка из писем графа Льва Николаевича Толстого к г-же П.
540 1# - ДОПОЛНИТЕЛЬНОЕ ЗАГЛАВИЕ, ПРИМЕНЯЕМОЕ КАТАЛОГИЗАТОРОМ
Заглавие К публике
801 #0 - ИСТОЧНИК ЗАПИСИ
Страна Российская Федерация
Организация NLR
Правила каталогизации psbo
801 #0 - ИСТОЧНИК ЗАПИСИ
Страна Российская Федерация
Организация RuMoRGB
Источник данных psbo
801 #1 - ИСТОЧНИК ЗАПИСИ
Страна Российская Федерация
Организация ProSoft-M
Источник данных rusmarc
852 ## - МЕСТОНАХОЖДЕНИЕ И ШИФР ХРАНЕНИЯ
Идентификатор организации NLR
Шифр хранения (Call Number) 38.56.2.4
899 ## - ДАННЫЕ О МЕСТОНАХОЖДЕНИИ (устаревшее)
Местонахождение RuMoRGB
Шифр хранения F 116/117
899 ## - ДАННЫЕ О МЕСТОНАХОЖДЕНИИ (устаревшее)
Местонахождение НБ СПбГУ
942 ## - ДОПОЛНИТЕЛЬНЫЕ ЭЛЕМЕНТЫ ЗАПИСИ (АБИС)
Тип экземпляра АБИС Книга
980 ## - КОЛЛЕКЦИЯ
Название коллекции Национальная библиография
Экземпляры
Тип экземпляра Дата поступления Библиотека постоянного хранения Библиотека текущего хранения Место хранения Шифр хранения Штрих-код Статус экземпляра
Книга 26.10.2013 РНБ (Московский) РНБ (Московский) Неопределен, для заказа не доступен, в ЭК виден   5025813-30  
Книга 26.10.2013 РНБ (Садовая) РНБ (Садовая) Русский книжный фонд -Главное здание, Ленинский читальный зал 38.56.2.4 5025813-10